| 000 | 00594nam a22001577a 4500 | ||
|---|---|---|---|
| 999 |
_c12566 _d12566 |
||
| 008 | 190130b ||||| |||| 00| 0 eng d | ||
| 082 |
_22018 _aUT 1142 _bE82 |
||
| 100 |
_aEstrera, Mae Rose E. _935483 |
||
| 245 |
_aPaggamit ng mga makabagong kagamitang pampagtuturo at ang pakikilahok ng mga mag-aaral / _cMae Rose E. Estrera and Kathleen R. Bohol |
||
| 260 |
_aDigos City: _bUMDC _cOctober 2018. |
||
| 300 |
_a57 pages; _c30 cm. |
||
| 650 |
_aEducation _vFilipino _xUndergraduate thesis. _935484 |
||
| 700 |
_aEstrera, Mae Rose E. _935483 |
||
| 700 |
_aBohol, Kathleen R. _935485 |
||
| 942 |
_2ddc _cUT |
||